El derecho real de superficie. Consideraciones sobre su objeto / (Registro nro. 5685)
[ vista simple ]
| 000 -LEADER | |
|---|---|
| fixed length control field | 01324nab a22002657a 4500 |
| 003 - CONTROL NUMBER IDENTIFIER | |
| control field | OSt |
| 005 - DATE AND TIME OF LATEST TRANSACTION | |
| control field | 20251226235938.0 |
| 008 - FIXED-LENGTH DATA ELEMENTS--GENERAL INFORMATION | |
| fixed length control field | 190603e xxum|||| |||| 00| 0 spa d |
| 040 ## - CATALOGING SOURCE | |
| Transcribing agency | PJ |
| 100 ## - MAIN ENTRY--PERSONAL NAME | |
| 9 (RLIN) | 6377 |
| Personal name | Pepe, Marcelo A. |
| 245 13 - TITLE STATEMENT | |
| Title | El derecho real de superficie. Consideraciones sobre su objeto / |
| Statement of responsibility, etc | Marcelo A. Pepe. |
| 260 ## - PUBLICATION, DISTRIBUTION, ETC. (IMPRINT) | |
| Date of publication, distribution, etc | Ciudad Autónoma de Buenos Aires : |
| Place of publication, distribution, etc | Thomson Reuters La Ley, |
| Name of publisher, distributor, etc | 2025. |
| 300 ## - PHYSICAL DESCRIPTION | |
| Extent | p. 199-213 |
| 500 ## - GENERAL NOTE | |
| General note | Cita: TR LALEY AR/DOC/1812/2025 <br/>Publicado en: RCCyC 2025 (agosto). |
| 505 ## - FORMATTED CONTENTS NOTE | |
| Formatted contents note | Sumario: I. Introducción.— II. El derecho real de superficie en el Cód. Civ. y Com.— III. Objeto de los derechos reales y del derecho real de superficie.— IV. Constitución del derecho real de superficie. Implicancias registrales y catastrales.— V. Emplazamiento del derecho real de superficie. |
| 505 ## - FORMATTED CONTENTS NOTE | |
| Title | ¿Te interesa el texto completo? Solicitalo al correo: koha@justierradelfuego.gov.ar |
| 650 #0 - SUBJECT ADDED ENTRY--TOPICAL TERM | |
| 9 (RLIN) | 1497 |
| Topical term or geographic name as entry element | CODIGO CIVIL Y COMERCIAL |
| 650 #0 - SUBJECT ADDED ENTRY--TOPICAL TERM | |
| 9 (RLIN) | 1821 |
| Topical term or geographic name as entry element | DERECHOS REALES |
| 650 #0 - SUBJECT ADDED ENTRY--TOPICAL TERM | |
| 9 (RLIN) | 6327 |
| Topical term or geographic name as entry element | DERECHO DE PROPIEDAD |
| 650 #0 - SUBJECT ADDED ENTRY--TOPICAL TERM | |
| 9 (RLIN) | 2289 |
| Topical term or geographic name as entry element | POSESIÓN |
| 650 #0 - SUBJECT ADDED ENTRY--TOPICAL TERM | |
| 9 (RLIN) | 5462 |
| Topical term or geographic name as entry element | USUFRUCTO |
| 650 #0 - SUBJECT ADDED ENTRY--TOPICAL TERM | |
| 9 (RLIN) | 2277 |
| Topical term or geographic name as entry element | DOMINIO |
| 773 0# - HOST ITEM ENTRY | |
| Host Biblionumber | 2713 |
| Host Itemnumber | 3170 |
| Place, publisher, and date of publication | Ciudad Autónoma de Buenos Aires : Thomson Reuters La Ley, 2015- |
| Title | Revista Código Civil y Comercial. Nº 4 - Agosto 2025 |
| 942 ## - ADDED ENTRY ELEMENTS (KOHA) | |
| Source of classification or shelving scheme | |
| Koha item type | Analítica Artículo de Revista |
No hay ítems disponibles.
